00540nam a22001697a 450000500170000001000150001702000340003203500140006603700130008008200080009310000270010124500880012826000420021627000640025830000210032270000270034320240909111837.0 aENG-141301 a9788180903908 (vol.1)c495.00 aEN-124833 bDBAD/PUB a510 aDatta ,Bibhutibhushan 10aHistory of Hindu Mathematics/cby Bibhutibhushan Datta [and] Avadhesh Narayan Singh aDelhibBharatiya Kala Prakashanc2015 a3421-A, IInd Floor Narang Colony Tri Nagar,bDelhi e110035 a314p.c22cm (Pb) aAvadhesh Narayan Singh